| 000 | 00931nam a22002057a 4500 | ||
|---|---|---|---|
| 003 | 0 | ||
| 005 | 20250213143805.0 | ||
| 008 | 250213b xxu||||| |||| 00| 0 eng d | ||
| 050 |
_aTK 5105.888 _b.An58 2023 |
||
| 100 | _aAntiojo, Joshua Rey P. | ||
| 245 |
_aEmplawyer: _ba lawyer booking service application implementing support for legal services in the Philippines. _cJoshua Rey P. Antiojo |
||
| 260 |
_aLas Pinas City _bSouthville International School and Colleges _c2023 |
||
| 300 |
_axv, 161 pages: _bcolored pictures and illustration; _c28cm. |
||
| 500 | _aBachelor of Science in Information Technology. | ||
| 504 | _aIncludes bibliographical references and appendices. | ||
| 650 | _aLegal services—Digital platforms -- Online booking. | ||
| 650 | _aLawyer-client matching—Mobile and web applications. | ||
| 650 | _aLegal Technology—Artificial intelligence -- Digital support -- Legal services. | ||
| 942 |
_2lcc _cTH |
||
| 999 |
_c367207 _d367207 |
||